Random Generation I Pokemon by Base Stat Spread - Statistics

General Stats
  • This quiz has been taken 45 times
  • The average score is 4 of 20
Answer Stats
Total HP Attack Defense Sp. Attack Sp. Defense Speed Pokemon % Correct
500 55 50 45 135 95 120 Alakazam
100%
600 91 134 95 100 100 80 Dragonite
100%
300 41 64 45 50 50 50 Dratini
100%
490 60 50 70 80 80 150 Electrode
100%
310 30 35 30 100 35 80 Gastly
100%
455 50 120 53 35 110 87 Hitmonlee
100%
455 65 50 35 115 95 95 Jynx
100%
505 90 130 80 65 85 55 Machamp
100%
600 100 100 100 100 100 100 Mew
100%
680 106 110 90 154 90 130 Mewtwo
100%
580 90 100 90 125 85 90 Moltres
100%
385 35 45 160 30 45 70 Onix
100%
500 65 125 100 55 70 85 Pinsir
100%
305 30 65 100 45 25 40 Shellder
100%
515 80 70 65 80 120 100 Tentacruel
100%
195 45 30 35 20 20 45 Caterpie
83%
540 160 110 65 65 110 30 Snorlax
67%
580 90 90 85 125 90 100 Zapdos
67%
425 35 100 50 50 70 120 Dugtrio
60%
500 60 65 60 130 75 110 Gengar
60%
310 25 20 15 105 55 90 Abra
50%
515 80 105 65 60 75 130 Aerodactyl
50%
555 90 110 80 100 80 95 Arcanine
50%
534 78 84 78 109 85 100 Charizard
50%
309 39 52 43 60 50 65 Charmander
50%
475 55 130 115 50 50 75 Kingler
50%
500 105 105 75 65 100 50 Muk
50%
505 90 92 87 75 85 76 Nidoqueen
50%
525 130 65 60 110 95 65 Vaporeon
50%
330 40 30 50 55 55 100 Voltorb
50%
195 40 35 30 20 20 50 Weedle
50%
525 65 65 60 110 95 130 Jolteon
40%
450 250 5 5 35 105 50 Chansey
33%
395 60 65 70 85 75 40 Gloom
33%
390 55 95 115 45 45 35 Graveler
33%
455 50 105 79 35 110 76 Hitmonchan
33%
270 115 45 20 45 25 20 Jigglypuff
33%
400 40 35 30 120 70 105 Kadabra
33%
205 45 25 50 25 25 35 Kakuna
33%
505 73 76 75 81 100 100 Ninetales
33%
349 63 60 55 50 50 71 Pidgeotto
33%
314 44 48 65 50 64 43 Squirtle
33%
340 30 45 55 70 55 85 Staryu
33%
525 80 82 83 100 100 80 Venusaur
33%
535 130 85 80 85 95 60 Lapras
29%
305 70 80 50 35 35 35 Machop
25%
460 40 45 65 100 120 90 Mr. Mime
25%
505 81 102 77 85 75 85 Nidoking
25%
345 80 85 95 30 30 25 Rhyhorn
25%
325 80 80 50 40 50 25 Grimer
20%
273 46 57 40 40 40 50 Nidoran♂
20%
442 65 90 65 61 61 100 Fearow
17%
448 60 95 69 65 79 80 Arbok
0%
580 90 85 100 95 125 85 Articuno
0%
395 65 90 40 45 80 75 Beedrill
0%
300 50 75 35 70 30 40 Bellsprout
0%
530 79 83 100 85 105 78 Blastoise
0%
318 45 49 49 65 65 45 Bulbasaur
0%
395 60 45 50 90 80 70 Butterfree
0%
405 58 64 58 80 65 80 Charmeleon
0%
483 95 70 73 95 90 60 Clefable
0%
323 70 45 48 60 65 35 Clefairy
0%
525 50 95 180 85 45 70 Cloyster
0%
320 50 50 95 40 50 35 Cubone
0%
475 90 70 80 70 95 70 Dewgong
0%
265 10 55 25 35 45 95 Diglett
0%
288 48 48 48 48 48 48 Ditto
0%
470 60 110 70 60 60 110 Dodrio
0%
310 35 85 45 35 35 75 Doduo
0%
420 61 84 65 70 70 70 Dragonair
0%
328 60 48 45 43 90 42 Drowzee
0%
325 55 55 50 45 65 55 Eevee
0%
288 35 60 44 40 54 55 Ekans
0%
490 65 83 57 95 85 105 Electabuzz
0%
325 60 40 80 60 45 40 Exeggcute
0%
530 95 95 85 125 75 55 Exeggutor
0%
377 52 90 55 58 62 60 Farfetch'd
0%
525 65 130 60 95 110 65 Flareon
0%
300 40 80 100 30 30 20 Geodude
0%
455 75 80 70 65 75 90 Golbat
0%
320 45 67 60 35 50 63 Goldeen
0%
500 80 82 78 95 80 85 Golduck
0%
495 80 120 130 55 65 45 Golem
0%
350 55 70 45 70 50 60 Growlithe
0%
540 95 125 79 60 100 81 Gyarados
0%
405 45 50 45 115 55 95 Haunter
0%
295 30 40 70 70 25 60 Horsea
0%
483 85 73 70 73 115 67 Hypno
0%
405 60 62 63 80 80 60 Ivysaur
0%
355 35 80 90 55 45 55 Kabuto
0%
495 60 115 105 65 70 80 Kabutops
0%
490 105 95 80 40 80 90 Kangaskhan
0%
340 40 65 95 60 45 35 Koffing
0%
325 30 105 90 25 25 50 Krabby
0%
385 90 55 75 60 75 30 Lickitung
0%
405 80 100 70 50 60 45 Machoke
0%
200 20 10 55 15 20 80 Magikarp
0%
495 65 95 57 100 85 93 Magmar
0%
325 25 35 70 95 55 45 Magnemite
0%
465 50 60 95 120 70 70 Magneton
0%
305 40 80 35 35 45 70 Mankey
0%
425 60 80 110 50 80 45 Marowak
0%
290 40 45 35 40 40 90 Meowth
0%
205 50 20 55 25 25 30 Metapod
0%
275 55 47 52 40 40 41 Nidoran♀
0%
365 70 62 67 55 55 56 Nidorina
0%
365 61 72 57 55 55 65 Nidorino
0%
320 45 50 55 75 65 30 Oddish
0%
355 35 40 100 90 55 35 Omanyte
0%
495 70 60 125 115 70 55 Omastar
0%
285 35 70 55 45 55 25 Paras
0%
405 60 95 80 60 80 30 Parasect
0%
440 65 70 60 65 65 115 Persian
0%
479 83 80 75 70 70 101 Pidgeot
0%
251 40 45 40 35 35 56 Pidgey
0%
320 35 55 40 50 50 90 Pikachu
0%
300 40 50 40 40 40 90 Poliwag
0%
385 65 65 65 50 50 90 Poliwhirl
0%
510 90 95 95 70 90 70 Poliwrath
0%
410 50 85 55 65 65 90 Ponyta
0%
395 65 60 70 85 75 40 Porygon
0%
455 65 105 60 60 70 95 Primeape
0%
320 50 52 48 65 50 55 Psyduck
0%
485 60 90 55 90 80 110 Raichu
0%
500 65 100 70 80 80 105 Rapidash
0%
413 55 81 60 50 70 97 Raticate
0%
253 30 56 35 25 35 72 Rattata
0%
485 105 130 120 45 45 40 Rhydon
0%
300 50 75 85 20 30 40 Sandshrew
0%
450 75 100 110 45 55 65 Sandslash
0%
500 70 110 80 55 80 105 Scyther
0%
440 55 65 95 95 45 85 Seadra
0%
450 80 92 65 65 80 68 Seaking
0%
325 65 45 55 45 70 45 Seel
0%
490 95 75 110 100 80 30 Slowbro
0%
315 90 65 65 40 40 15 Slowpoke
0%
262 40 60 30 31 31 70 Spearow
0%
520 60 75 85 100 85 115 Starmie
0%
435 65 55 115 100 40 60 Tangela
0%
490 75 100 95 40 70 110 Tauros
0%
335 40 40 35 50 100 70 Tentacool
0%
450 70 65 60 90 75 90 Venomoth
0%
305 60 55 50 40 55 45 Venonat
0%
490 80 105 65 100 70 70 Victreebell
0%
490 75 80 85 110 90 50 Vileplume
0%
299 38 41 40 50 65 65 Vulpix
0%
405 59 63 80 65 80 58 Wartortle
0%
390 65 90 50 85 45 55 Weepinbell
0%
490 65 90 120 85 70 60 Weezing
0%
440 140 70 45 85 50 45 Wigglytuff
0%
245 40 45 35 30 40 55 Zubat
0%
No matching quizzes found
Score Distribution
Percent of People with Each Score
Percentile by Number Answered
Your Score History
You have not taken this quiz